|
|
|
|
| LEADER |
00000cam a2200000 a 4500 |
| 001 |
46049 |
| 005 |
20230308183319.0 |
| 008 |
000000|1972 ||||||||r|||||||||||spa|| |
| 040 |
|
|
|b spa
|
| 041 |
1 |
|
|a spa
|
| 082 |
0 |
|
|a 310
|
| 110 |
2 |
|
|a Instituto Nacional de Estadística y Censos (INEC).
|g INEC
|9 13632
|
| 245 |
|
|
|a Encuesta de manufactura y minería 1970
|c Instituto Nacional de Estadistica
|h imp
|
| 264 |
|
|
|a Quito
|b INE
|c 1972
|
| 300 |
|
|
|a 157 páginas:
|b tab
|c 32 cm
|
| 650 |
|
|
|a Encuesta de manufactura
|9 104528
|
| 650 |
|
|
|a Manufactura y mineria
|9 104529
|
| 852 |
|
|
|a UC-CDJBV
|c ESTANTERIA CERRADA
|f Donación
|k margarita.gutierrez
|l 1
|m General
|p 00000000
|r 2
|t 46049
|b 0
|d CDRC
|e CDRC
|g 310 ESTANTERIA CERRADA
|z 0000-00-00
|
| 942 |
|
|
|c BK
|
| 999 |
|
|
|c 62592
|d 62592
|